Pyrénées-Atlantiques - mort subite - Statistiques

Statistiques générales
  • Ce quiz a été pris 51 fois
    42 depuis la dernière actualisation
  • Le résultat moyen est 9 sur 18
Answers on the Grid
Answers color-coded by a green-red scale on the quiz's grid according to % correct below.
Montpellier
Kourou
50 000 locuteurs basques actifs
Bunia
Arak
Kara
Biarritz
Muhanga
Puyoô
Lourdes
Si Racha
Saint-Jean-de-Luz
Hendaye
Mukono
Pau
Navarrenx
Un sommet de 3000 m
Itxassou
Le Golfe de Gascogne
Torreón
Irun
Bayonne
Ngozi
Ustaritz
Pic du Midi d'Ossau
Anglet
Machakos
Poltava
Oloron-Sainte-Marie
Hasparren
Noukous
Sagamihara
Artix
Urrugne
El Obeid
Le lieu de naissance de Didier Deschamps
 
Statistiques - réponses
Réponse % Correct
Biarritz
86%
Hendaye
83%
Pau
79%
Saint-Jean-de-Luz
79%
50 000 locuteurs basques actifs
72%
Bayonne
66%
Le Golfe de Gascogne
59%
Anglet
55%
Urrugne
52%
Itxassou
45%
Bayonne Le lieu de naissance de Didier Deschamps
41%
Navarrenx
41%
Oloron-Sainte-Marie
41%
Ustaritz
34%
Pic du Midi d'Ossau
31%
Puyoô
28%
Hasparren
24%
Artix
21%
Aucun quiz correspondant
Distribution des résultats
% des personnes avec chaque résultat
Percentile par nombre de réponses
Votre historique - résultats
Vous n’avez pas pris ce quiz depuis la dernière actualisation